00230nam a2200097 4500082001500000100001900015245005500034250000800089260002700097300000800124 a546.64 VOG aArthur I.Vogel aMacro and Semimicro Qualitative Inorganic Analysis a4th aLondonbLongmansc1965 a665